Jeux vidéo... commençant par O - Statistiques

Statistiques générales
  • Ce quiz a été pris 67 fois
  • Le résultat moyen est 5 sur 22
Statistiques - réponses
Indice Réponse % Correct
Jeu de tir compétitif multijoueur développé par Blizzard en 2016. Overwatch
77%
Instrument à vent éponyme d'un jeu de la saga The Legend of Zelda. Ocarina
75%
Onzième jeu de la série "Assassin's Creed" se déroulant en Grèce Antique Odyssey
64%
Metroidvania se déroulant dans la forêt de Nibel. Ori
54%
Quatrième opus de la série "The Elder Scrolls" développée par Bethesda. Oblivion
46%
Ce jeu de survie horrifique de 2013 se déroule à travers un écran de caméra à vision nocturne. Outlast
46%
Jeu d'exploration spatiale et de boucle temporelle sorti en 2019. Outer Wilds
36%
Jeu de rythme Free-to-play présentant une scène E-Sport très active depuis 2011. osu!
34%
Jeu indépendant de 2014 dans lequel une pieuvre se fait passer pour un père de famille. Octodad
25%
Capitaine dont le vaisseau s'est échoué sur une planète peuplée de petites créatures végétales Olimar
21%
Une plongée dans folklore japonais aux côtés de la déesse Amaterasu. Okami
18%
Série de jeux de plateforme de 1997 dont les trois premiers mettent en scène le personnage d'Abe. Oddworld
14%
Nom du navire sur lequel se déroule le jeu d'énigmes et d'enquête indépendant développé par Lucas Pope en 2018. Obra Dinn
9%
Studio suédois à l'origine de la série des jeux Payday. Overkill Software
7%
Konoko, l'héroïne de ce jeu sorti en 2001 sur PC et PS2, pratique les arts-martiaux et le combat rapproché. Oni
5%
Personnage surnaturel de la série Dishonored, c'est lui qui donne ses pouvoirs au personnage principal. Outsider
4%
Nom du groupe fictif formé par Odin et Tor Anderson dans le jeu vidéo Alan Wake. Old Gods of Asgard
2%
Ce jeu d'aventure-énigmes met en scène un personnage chat anthropomorphe dans un monde sans lumière. OneShot
2%
Capitale souterraine du royaume nain dans Dragon Age : Origins. Orzammar
2%
Ville fictive submergée dans laquelle se déroulent les évenements du jeu The Sinking City. Oakmont
0%
Ancienne nation dominante du jeu "Mirror's Edge Catalyst" ; théâtre d'une guerre civile avant l'avènement du Conglomérat. OmniStat
0%
Série de jeux de guerre ayant précédé la licence ARMA du même studio. Opération Flashpoint
0%
Aucun quiz correspondant
Distribution des résultats
% des personnes avec chaque résultat
Percentile par nombre de réponses
Votre historique - résultats
Vous n’avez pas pris ce quiz